[Event "IECG CB.2001.0.00016 email"]
[Site "IECG email"]
[Date "2001.10.03"]
[Round "1"]
[White "Alberny, Maurice"]
[Black "Stoicescu, Dan"]
[Result "1-0"]
[WhiteElo "1933"]
[BlackElo "1820"]
[PlyCount "63"]
[EventDate "2001.10.03"]
[EventType "tourn (corr)"]
[EventRounds "6"]
[SourceTitle "Corr 2024"]
[Source "ChessBase"]
[SourceDate "2023.10.19"]
[SourceVersion "1"]
[SourceVersionDate "2023.10.19"]
[SourceQuality "1"]

1. c4 Nf6 2. Nc3 e6 3. e4 d5 4. e5 d4 5. exf6 dxc3 6. bxc3 Qxf6 7. d4 e5 8. Qe2 Be7 9. dxe5 Qg6 10. Be3 Nc6 11. Nf3 0-0 12. Rd1 Bg4 13. h3 Bxf3 14. Qxf3 Rad8 15. Be2 Rxd1+ 16. Bxd1 Nxe5 17. Qxb7 Qd3 18. Qd5 Qxc3+ 19. Qd2 Qxc4 20. Be2 Bb4 21. Bxc4 Bxd2+ 22. Kxd2 Nxc4+ 23. Kd3 Nxe3 24. Kxe3 Re8+ 25. Kd3 Rd8+ 26. Kc3 Rd6 27. Rb1 Rb6 28. Re1 Kf8 29. a4 a6 30. Re4 Rg6 31. g4 Rc6+ 32. Kb4 1-0

[Event "IECG CB.2001.0.00016 email"]
[Site "IECG email"]
[Date "2001.10.03"]
[Round "1"]
[White "Plagnaud, Jean Luc"]
[Black "Stoicescu, Dan"]
[Result "1-0"]
[WhiteElo "1933"]
[BlackElo "1820"]
[PlyCount "45"]
[EventDate "2001.10.03"]
[EventType "tourn (corr)"]
[EventRounds "6"]
[SourceTitle "Corr 2024"]
[Source "ChessBase"]
[SourceDate "2023.10.19"]
[SourceVersion "1"]
[SourceVersionDate "2023.10.19"]
[SourceQuality "1"]

1. d4 Nf6 2. Nf3 e6 3. e3 c5 4. Bd3 b6 5. 0-0 Bb7 6. Nbd2 Be7 7. c3 0-0 8. e4 d6 9. Qe2 cxd4 10. cxd4 Nbd7 11. b3 Rc8 12. Bb2 Rc7 13. Rac1 Rxc1 14. Rxc1 Qa8 15. e5 dxe5 16. dxe5 Nd5 17. Qe4 g6 18. Bb5 Nc5 19. Qg4 Bc6 20. Be2 a6 21. Nd4 Bb7 22. Nc4 Qb8 23. f4 1-0